|
|
|
|
| LEADER |
00616nab a2200181 i 4500 |
| 001 |
publ12689 |
| 005 |
20200226124315.0 |
| 008 |
180110s2005 hu o 0|| zxx d |
| 022 |
|
|
|a 1217-372X
|
| 024 |
7 |
|
|a 2220076
|2 mtmt
|
| 040 |
|
|
|a SZTE Publicatio Repozitórium
|b hun
|
| 041 |
|
|
|a zxx
|
| 100 |
1 |
|
|a Bitó Tamás
|
| 245 |
1 |
0 |
|a Terhességi cukorbetegség
|h [elektronikus dokumentum] :
|b szülésvezetés, gyermekágy /
|c Bitó Tamás
|
| 260 |
|
|
|c 2005
|
| 300 |
|
|
|a 52-58
|
| 490 |
0 |
|
|a DIABETOLOGIA HUNGARICA
|v 13 No. 2
|
| 856 |
4 |
0 |
|u http://publicatio.bibl.u-szeged.hu/12689/1/bito_terhessegi_Diabet_Hung_18_u.pdf
|z Dokumentum-elérés
|